Trouvez les pays - S - Statistiques

Statistiques générales
  • Ce quiz a été pris 140 fois
  • Le résultat moyen est 17 sur 22
Statistiques - réponses
Par images Réponse % Correct
Suisse
98%
Suède
95%
Slovaquie
91%
Slovénie
91%
Sénégal
88%
Serbie
86%
Syrie
86%
Soudan
85%
Somalie
83%
Sri Lanka
81%
Saint-Marin
80%
Singapour
80%
Suriname
77%
Seychelles
75%
Sainte-Lucie
73%
Soudan du Sud
72%
Sierra Leone
67%
Salvador
64%
Saint-Vincent-et-les-Grenadines
63%
Saint-Christophe-et-Niévès
62%
Samoa
62%
Sao Tomé-et-Principe
55%
Aucun quiz correspondant
Distribution des résultats
% des personnes avec chaque résultat
Percentile par nombre de réponses
Votre historique - résultats
Vous n’avez pas pris ce quiz